<?xml version="1.0" encoding="UTF-8"?>
<marc:record xmlns:marc="http://www.loc.gov/MARC21/slim">
   <marc:leader>00000nam a2200000 a 4500</marc:leader>
   <marc:datafield ind1=" " ind2=" " tag="653">
      <marc:subfield code="a">Kreta</marc:subfield>
   </marc:datafield>
   <marc:datafield ind1="0" ind2="0" tag="245">
      <marc:subfield code="a">Kreta</marc:subfield>
   </marc:datafield>
   <marc:datafield ind1="0" ind2="0" tag="245">
      <marc:subfield code="b">Mit extra Griechenland Bonusfilm</marc:subfield>
   </marc:datafield>
   <marc:datafield ind1=" " ind2="1" tag="264">
      <marc:subfield code="a">München</marc:subfield>
      <marc:subfield code="b">Komplett - Media</marc:subfield>
      <marc:subfield code="c">2004</marc:subfield>
   </marc:datafield>
   <marc:datafield ind1="1" ind2=" " tag="490">
      <marc:subfield code="a">Welt weit - Lust auf Reisen</marc:subfield>
   </marc:datafield>
   <marc:datafield ind1="1" ind2=" " tag="520">
      <marc:subfield code="a">Mythen aus einer bewegten Geschichte umranken die größte der griechischen Mittelmeerinseln. Homer lässt sie in seiner "Illias" lebendig werden. Die Reise beginnt in der heutigen Hauptstadt Heraklion, zeigt die minoischen Ausgrabungsstätten von Knossos und Phästos, die Römerstadt Gortys und die Klöster auf der Halbinsel Akrotiri. Im Inselinneren besticht der Charme der kleinen Bergdörfer, das karge Land der Hirten und die üppige Fruchtbarkeit der Lassithi-Hochebene. An der Nordküste reihen sich die Badeorte Chania, Rethimnon sowie Agios Nikolaos in der malerischen Mirabellobucht. Im Westen: der Palmenstrand von Vai. In die karge Südküste schneidet die 18 km lange Samaria-Schlucht. Laufzeit: 60 Min. Extra-Bonusfilm: "Griechenland" Die Akropolis thront über der Hauptstadt Athen mit ihrer quirligen Altstadt, der Plaka. Weiter führt die Reise zu den antiken Orten Mykene, Epidaurus, Olympia und Delphi. Die Klöster des heiligen Berges Athos und von Meteora schließen sich an.</marc:subfield>
   </marc:datafield>
   <marc:datafield ind1=" " ind2=" " tag="020">
      <marc:subfield code="a">4270167157</marc:subfield>
      <marc:subfield code="9">4270167157</marc:subfield>
   </marc:datafield>
   <marc:datafield ind1="0" ind2=" " tag="490">
      <marc:subfield code="v">0</marc:subfield>
   </marc:datafield>
   <marc:datafield ind1=" " ind2=" " tag="300">
      <marc:subfield code="a">ca. 36 Min.</marc:subfield>
   </marc:datafield>
</marc:record>
